| 000 | 00463nam a2200181Ia 4500 | ||
|---|---|---|---|
| 001 | 20785 | ||
| 005 | 20260306172831.0 | ||
| 008 | 260306t2013||||xx |||||||||||||| ||spa|| | ||
| 041 | _aESP | ||
| 082 |
_a343.8 _bB25 |
||
| 100 |
_aBarros Carvalho, Paulo de _eAUT |
||
| 245 | 0 |
_aDerecho tributario: _bfundamentos jurídicos de la incidencia |
|
| 260 | _c2013 | ||
| 300 |
_a364 páginas : _c25 cm. |
||
| 650 | _aGEN | ||
| 654 | _aCDE | ||
| 942 |
_cLIB _dJUS _fJUS _2ddc _n |
||
| 999 |
_c20785 _d20785 |
||